| 000 | 00454nam a2200157 i 4500 | ||
|---|---|---|---|
| 001 | 72318 | ||
| 003 | ES-MaACL | ||
| 005 | 20230906171411.0 | ||
| 007 | t| | ||
| 008 | 040830s1973 sp ||||1| spa d | ||
| 100 | 1 |
_aGiner Guerri, Severino. _957129 |
|
| 245 | 1 | 3 |
_aEl proceso de beatificación de San José de Calasanz / _cSeverino Giner Guerri. |
| 260 |
_aMadrid : _bICCE, _c1973. |
||
| 300 |
_a421 p. ; _c25 cm. |
||
| 852 |
_aES-MaACL _jC-52791 _bR.85978 |
||
| 999 |
_c72318 _d72318 |
||